LIBRARY & INFORMATION CENTRE, KCAET, TAVANUR

ONLINE PUBLIC ACCESS CATALOGUE (OPAC)

Raising quality vegetable seedlings under controlled environment conditions (Record no. 15095)

MARC details
000 -LEADER
fixed length control field 00925nam a22002177a 4500
003 - CONTROL NUMBER IDENTIFIER
control field OSt
088 ## - REPORT NUMBER
Report number P 202
100 ## - MAIN ENTRY--AUTHOR NAME
Personal name DINESH PAPPAN D
100 ## - MAIN ENTRY--AUTHOR NAME
Personal name SANDRA S
100 ## - MAIN ENTRY--AUTHOR NAME
Personal name SUMA M
100 ## - MAIN ENTRY--AUTHOR NAME
Personal name VISHAL VIKRAMAN
245 ## - TITLE STATEMENT
Title Raising quality vegetable seedlings under controlled environment conditions
260 ## - PUBLICATION, DISTRIBUTION, ETC. (IMPRINT)
Place of publication Tavanur 2009
Name of publisher KElappaji College of Agricultural Engineering and Technology
300 ## - PHYSICAL DESCRIPTION
Number of Pages 45
500 ## - GENERAL NOTE
General note Raising quality vegetable seedlings under controlled environment conditions
520 ## - SUMMARY, ETC.
Summary, etc to evaluate the suitability of different protected structures for nursery raising of solanaceous vegetables under different treatments and to compare its performance with that of the open field conditions
700 ## - ADDED ENTRY--PERSONAL NAME
Personal name Er. Anu Varughese (Guide)
856 ## - ELECTRONIC LOCATION AND ACCESS
Uniform Resource Identifier https://drive.google.com/open?id=1VLSQabqtbsIbPzFrMFpqdvpe0dgbP8eW
942 ## - ADDED ENTRY ELEMENTS (KOHA)
Koha item type Project Report
Holdings
Collection code Home library Current library Shelving location Full call number Accession Number Koha item type
Reference KAUAET KAUAET Reference 631.587 DIN/RA P 202 Project Report
free website counter